Piosenki Sabriny Carpenter A-Z - Statystyki

Ogólne statystyki
  • Ten quiz został rozwiązany 73 razy
    50 od ostatniego zresetowania
  • Średni wynik to 11 z 22
Statystyki odpowiedzi
Letter Odpowiedź % Poprawnych
E Espresso | emails i can't send | Exhale | Eyes Wide Open
88%
M Mona Lisa | Mirage | The Middle Of Starting Over | Manchild | My Man on Willpower
82%
T Taste | Tornado Warnings | things i wish you said | Take Off All Your Cool | Tell Em | Take You Back | Thumbs | Two Young Hearts | Too Young | Tears
79%
B Bed Chem | Bad Reviews | Busy Woman | because i liked a boy | bet u wanna | Bad for Business | Bad Time | Best Thing I Got | buy me presents
71%
P Please Please Please | Pushin 20 | Paris | prfct
68%
G Good Graces | Go Go Juice | Goodbye
62%
N Nonsense | No Words | Nobody's Son | Never Getting Laid
62%
S Sharpest Tool | Slim Pickins | skinny dipping | Sue Me | Shadows | Space | Seamless | santa doesn't know you like i do | Sugar Talking | Such a Funny Way
62%
J Juno
56%
F Fast Times | Feather | Feels Like Loneliness
53%
C Coincidence | Couldn't Make It Any Harder | Can't Blame a Girl for Trying | cindy lou who
50%
W We'll Be The Stars | White Flag | white xmas | We Almost Broke Up Again Last Night | When Did You Get Hot?
50%
H how many things | Hold Tight | House Tour
41%
D Dumb & Poetic | Don't Smile | decode | Diamonds Are Forever | Don't Want It Back | Darling I'm a Mess | Don't Worry I'll Make You Worry
38%
L Lie To Girls | Lonesome | Looking at Me
35%
A Already Over | Almost Love | All We Have Is Love | A Nonsense Christmas
32%
# 15 Minutes
29%
O opposite | On Purpose
29%
V Vicious
26%
R Read your Mind | Run and Hide | Right Now
21%
I In My Bed | I Can't Stop Me | I'm Fakin | is it new years yet?
12%
Y Your Love's Like
6%
Nie znaleziono quizów pasujących do podanych kryteriów
Rozkład punktacji
Procent ludzi z każdym wynikiem
Percentyl według liczby udzielonych odpowiedzi
Twoja historia wyników
Nie rozwiązałeś tego quizu od ostatniego zresetowania